Tolerance of Escherichia coli beta-galactosidase C-terminus to different-sized fusions /

সংরক্ষণ করুন:
গ্রন্থ-পঞ্জীর বিবরন
প্রধান লেখক: Corchero, Jose L.
অন্যান্য লেখক: Villaverde, Antonio.
বিন্যাস: প্রবন্ধ
ভাষা:English
বিষয়গুলি:
ট্যাগগুলো: ট্যাগ যুক্ত করুন
কোনো ট্যাগ নেই, প্রথমজন হিসাবে ট্যাগ করুন!
Thư viện lưu trữ: Thư viện Trường Đại học Đà Lạt
LEADER 00949nam a2200313 4500
001 DLU090098509
005 ##20091201
040 # # |a DLU  |b eng 
041 # # |a eng 
044 # # |a us 
100 # # |a Corchero, Jose L. 
245 # # |a Tolerance of Escherichia coli beta-galactosidase C-terminus to different-sized fusions /  |c Jose L. Corchero, Antonio Villaverde. 
653 # # |a Beta-galactosidase 
653 # # |a Escherichia coli 
653 # # |a Fusion proteins 
653 # # |a Misfolding 
653 # # |a Proteolysis 
653 # # |a Toxicity 
700 # # |a Villaverde, Antonio.  
773 # # |t Biotechnology and Bioengineering  |g Vol. 64, no. 6 (September 1999), p. 644-649 
920 # # |a Phòng Tạp chí -- Trung tâm Thông tin - Thư viện Trường Đại học Đà Lạt 
994 # # |a DLU 
900 # # |a True 
911 # # |a Trương Bảo Trâm Anh 
925 # # |a G 
926 # # |a A 
927 # # |a BB 
980 # # |a Thư viện Trường Đại học Đà Lạt